000 01007nam0a22002291 4500
001 rc\379242
005 20260406152528.0
035 _a(NLR Aleph) 005610887
090 _a6412097
_c6412097
100 _a20030307d1989 |||y0rusy50 ca
101 0 _arus
102 _aRU
105 _aa |||||||||
200 1 _aПособие по проектированию сооружений для очистки и подготовки воды
_e(К СНиП 2.04.02-84)
_eУтв. НИИКВОВ (НИИ коммун. водоснабжения и очистки воды) АКХ им. К.Д. Памфилова 09.04.85
210 _aМ.
_cЦентр. ин-т типового проектирования
_d1989
215 _a125, [1] с.
_cил.
_d20
712 0 2 _aНИИ коммунального водоснабжения и очистки воды
_cМосква
_3RU\NLR\AUTH\889927973
_9351562
801 0 _aRU
_bNLR
_gpsbo
801 1 _aRU
_bELAR
_2rusmarc
852 _aNLR
_j89-3/11767
942 _cBOOK
980 _aNB